Teoría clásica de los tests
Na minha lista:
| Autor principal: | |
|---|---|
| Formato: | Livro |
| Idioma: | espanhol |
| Publicado em: |
Madrid
Pirámide
2001
|
| Colecção: | Colección Psicología
|
| Assuntos: | |
| Tags: |
Adicionar Tag
Sem tags, seja o primeiro a adicionar uma tag!
|
MARC
| LEADER | 00000nam a2200000 a 4500 | ||
|---|---|---|---|
| 001 | UCM9396 | ||
| 003 | CL-VaPUC | ||
| 008 | 030425e20010000SP |||||||||||||||||spa|d | ||
| 082 | 0 | 4 | |a 153.93 |b MUÑ |2 21 |
| 100 | |a Muñiz Fernández, José |e autor |9 312762 | ||
| 245 | 1 | 0 | |a Teoría clásica de los tests |
| 300 | |a 387 p | ||
| 942 | |c BK | ||
| 945 | |d 20030425 00:00:00 |a vberengu | ||
| 260 | |a Madrid |b Pirámide |c 2001 | ||
| 650 | 7 | |a TESTS DE INTELIGENCIA TEORIA |2 CL-VaPUC |9 312763 | |
| 650 | 7 | |a TESTS PSICOLOGICOS TEORIA |2 CL-VaPUC |9 312764 | |
| 583 | |a last modification |c 20030425 00:00:00 |k Rodrigo Vera | ||
| 490 | 0 | |a Colección Psicología | |
| 999 | |c 303666 |d 303664 | ||
| 952 | |0 0 |1 2 |4 0 |6 153_930000000000000_MUÑ_2001 |7 0 |8 A |9 365132 |a BIBGIM |b BIBGIM |d 2019-11-21 |i 3899411 |o 153.93 MUÑ 2001 |p 3899411 |r 2019-11-21 |w 2019-11-21 |y BK |k EST | ||